| 000 | 01875cam a22003854i 4500 | ||
|---|---|---|---|
| 003 | PE-LiUPU | ||
| 005 | 20250731183415.0 | ||
| 008 | 150623s r 000 0 d | ||
| 020 | _a0871234408 | ||
| 035 | _a(Sirsi) i9780871234407 | ||
| 040 |
_aPE-LiUPU _bspa _cPE-LiUPU _erda |
||
| 049 | _aPRUA | ||
| 082 | 0 | 4 |
_a781.66 _bP47 _221 |
| 100 | 1 |
_aPeters, Dan, _eautor. |
|
| 245 | 1 | 0 |
_aWhy knock rock? / _cDan Peters. |
| 264 | 1 |
_aMinneapolis, Minnesota : _bBethany House Publishers, _c1984. |
|
| 300 |
_a265 páginas : _bilustraciones fotos ; _c20 centímetros |
||
| 336 |
_atext _2rdacontent |
||
| 337 |
_aunmediated _2rdamedia |
||
| 338 |
_avolume _2rdacarrier |
||
| 504 | _aIncluye bibliografía. | ||
| 505 | 0 | _aFrom the big bopper to big bucks: the history of rock music: Happy days are here again. Takin' care of business. The medium with a message. Light my fire. Kiss and tell.- Rock music's four fatal flaws: lyrics, lifestyles, goals and graphics: Lyrics. Lifestyles. Goals. Dead and gone: rock and roll obituaries. Graphics.- Suicides, subliminals, concerts and questions: Don't fear the reaper. The suject is subliminals. Concerts: hazardous to your health. The yeah-but quiz game. Changing your tune. Free indeed. Between rock and a hard place: a message to parents.-. | |
| 526 | _aP158 | ||
| 526 | _aP146 | ||
| 526 | _aP17 | ||
| 526 | _aP12 | ||
| 526 | _aP06 | ||
| 650 | 0 | 4 |
_aMúsica rock _xCristianismo. |
| 942 |
_2ddc _cBOOK |
||
| 949 |
_a781.66 P47 _wDEWEY _c1 _i51550 _lCCODEBUL1 _mBUL _p6.00 _r0 _sY _tBOOK _u2015-6-24 _xTEOLOGIA _PP35 _0COMPRA _o.STAFF. Colección General |
||
| 994 |
_aC0 _bPEPRU |
||
| 596 | _a1 | ||
| 999 |
_a781.66 P47 _wDEWEY _c33276 _i51550 _f2021-11-11 _g5 _lCCODEBUL1 _mBUL _p6.00 _r0 _sY _tBOOK _u2015-6-24 _xTEOLOGIA _PP35 _0COMPRA _o.STAFF. Colección General _d33276 |
||
| 980 |
_81 _gALBERTO SANCHEZ Responsable de Automatización |
||